Coleridge : (Record no. 21326)
[ view plain ]
| 000 -LEADER | |
|---|---|
| fixed length control field | 00850cam a2200277 a 4500 |
| 001 - CONTROL NUMBER | |
| control field | 21326 |
| 003 - CONTROL NUMBER IDENTIFIER | |
| rucl marc code | BD-RjUL |
| 005 - DATE AND TIME OF LATEST TRANSACTION | |
| control field | 20211209000655.0 |
| 008 - FIXED-LENGTH DATA ELEMENTS--GENERAL INFORMATION | |
| fixed length control field | 140303s1965 enk b 000 1 eng |
| 035 ## - SYSTEM CONTROL NUMBER | |
| System control number | 66-00385 |
| System control number | (OCoLC)863382461 |
| -- | (BD-RjUL)21390 |
| 040 ## - CATALOGING SOURCE | |
| Original cataloging agency | CU-S |
| Transcribing agency | DZM |
| Modifying agency | m.c |
| -- | BD-RjUL |
| Language of cataloging | eng |
| 041 ## - LANGUAGE CODE | |
| Language code of text/sound track or separate title | eng |
| 082 04 - DEWEY DECIMAL CLASSIFICATION NUMBER | |
| Classification number | 821.7 |
| Author mark and year | COC 1965 |
| 100 1# - MAIN ENTRY--PERSONAL NAME | |
| Personal name | Coleridge, Samuel Taylor, |
| Dates associated with a name | 1772-1834. |
| 9 (RLIN) | 65932 |
| 245 10 - TITLE STATEMENT | |
| Title | Coleridge : |
| Remainder of title | selected poems / |
| Statement of responsibility, etc. | Chosen and edited by John Colmer |
| 260 ## - PUBLICATION, DISTRIBUTION, ETC. (IMPRINT) | |
| Place of publication, distribution, etc. | Oxford University Press : |
| Name of publisher, distributor, etc. | London, |
| Date of publication, distribution, etc. | 1965. |
| 300 ## - PHYSICAL DESCRIPTION | |
| Pagination | v, 218 p. ; |
| Size | 19 cm. |
| 490 0# - SERIES STATEMENT | |
| Series statement | New Oxford English series |
| 504 ## - BIBLIOGRAPHY, ETC. NOTE | |
| Bibliography, etc | Bibliogaphy: p. [50]-51 |
| 600 1# - SUBJECT ADDED ENTRY--PERSONAL NAME | |
| Personal name | Coleridge, Samuel Taylor, -- 1772-1834. |
| 700 1# - ADDED ENTRY--PERSONAL NAME | |
| Personal name | Colmer, John. |
| 942 ## - ADDED ENTRY ELEMENTS (KOHA) | |
| Source of classification or shelving scheme | Dewey Decimal Classification |
| Koha item type | Books |
| Lost status | Source of classification or shelving scheme | Damaged status | Not for loan | Permanent Location | Current Location | Shelving location | Date acquired | Source of acquisition | Cost, normal purchase price | Total Checkouts | Full call number | Date last seen | Copy number | Koha item type |
|---|---|---|---|---|---|---|---|---|---|---|---|---|---|---|
| Dewey Decimal Classification | Central Library, University of Rajshahi | Central Library, University of Rajshahi | 04/09/1967 | Zeitlinger | 10.60 | 821.7 COC 1965 | 04/03/2014 | C-4 | Books |